00709nam a2200241 a 4500001001300000003000900013005001700022008004100039020001000080082001300090100002700103245004100130260003800171300000800209500003500217505001700252650002300269700002700292902000800319942000700327952011600334999001700450nice12345678IN_TiNIC20260116015208.0050524s0000 puna grp 000 0 eng  ac10000a297bISH aIshwani, Communication aIslamb Audeo-Visual Tape and Slides aPunebIshwani Communicationc0000 a00p aincludes index and biblioraphy2 aAudeo-Visual aIslam-Meccan Trade1 aIshwani, Communication bSRS cBK 001040708StackRoom-aHMIbHMId2007-07-27g100.00l0o297 ISHp11001227r2007-07-27v100.00w2005-05-24yBK c18713d18713